| 000 | 00872nas a2200289 4500 | ||
|---|---|---|---|
| 001 | BR2014005139 | ||
| 003 | BR-BrBNA | ||
| 005 | 20231205124404.0 | ||
| 007 | ta | ||
| 008 | 230509b bl.|||p| |||| 00| 00por d | ||
| 040 |
_aBR-BrBNA _bpor _cBiblioteca Nacional de Agricultura |
||
| 041 | _a(En) | ||
| 072 | _aF30 | ||
| 100 | 1 | _aTimbó, A.L. de O. | |
| 100 | 1 | _aPereira, R.C. | |
| 100 | 1 | _aSouza Sobrinho, F. | |
| 100 | 1 | _aDavide, L.C. | |
| 245 | 1 | _aNuclear DNA content and chromosome number in Brachiaria spp. genotypes | |
| 650 | _aBRACHIARIA | ||
| 650 | _aGENÓTIPO | ||
| 650 | _aMELHORAMENTO GENÉTICO VEGETAL | ||
| 650 | _aCROMOSSOMO | ||
| 650 | _aCITOGENÉTICA | ||
| 773 | 0 |
_tRevista Ciência Agronômica (Brazil) _xISSN 0045-6888 _g(Jan-Mar 2014), v. 45(1) p. 62-67 _wBR2014005139 |
|
| 909 |
_a202311 _bLúcia _c55 _dLúcia Elande |
||
| 942 |
_2AGRIS _n0 _cANA |
||
| 999 |
_c238815 _d238815 |
||